000 00317nam a2200121Ia 4500
008 231129s2015||||xx |||||||||||||| ||spa||
082 _aER- 378
100 _aLA TARDE
245 0 _aLA TARDE 40 aƱos; historias contadas y noticias vividas
260 _c2015
264 _aManizales: Pikelar 2015
942 _2ddc
_cBKS
999 _c18270
_d18270